| 000 | 00541nam a2200181Ia 4500 | ||
|---|---|---|---|
| 008 | 090123s9999 xx 000 0 und d | ||
| 082 |
_b25361 _a891.463/खान |
||
| 100 | _aखान राजन | ||
| 245 | _aहयात आणि मजार | ||
| 250 | _a1 | ||
| 260 | _bसाहेबजी प्रकाशन | ||
| 300 | _a199 | ||
| 600 | _aखान राजन | ||
| 630 | _aहयात आणि मजार | ||
| 700 | _aखान राजन | ||
| 730 | _aहयात आणि मजार | ||
| 942 | _cBOOK | ||
| 999 |
_c63432 _d63432 |
||